History Quiz

Random History or Country Quiz

Countries of the Holy Roman Empire Quiz Stats

Quiz Updated Jul 14, 2016

Challenge
Share
Tweet
Embed
Score 0/16 Timer 03:00
6 Plays Today
Approx. Years Modern Country % Correct
800-1806Italy
97.7%
800-1806Germany
96.8%
800-1792France
96%
800-1806Austria
90.6%
800-1648Switzerland
85.7%
800-1806Poland
84.7%
800-1797Belgium
81.7%
800-1581Netherlands
79.6%
Approx. Years Modern Country % Correct
890-1806Czechia
76.4%
800-1797Luxembourg
73.5%
952-1806Slovenia
66.3%
800-1806Liechtenstein
63.9%
1527-1806Croatia
60.4%
800-1177Vatican
60.2%
800-1806San Marino
55.7%
800-1191Monaco
53.6%

You're not logged in!

Compare scores with friends on all Sporcle quizzes.
Sign Up with Email
OR
Log In

You Might Also Like...

Show Comments

Extras

Top Quizzes Today


Score Distribution

Your Account Isn't Verified!

In order to create a playlist on Sporcle, you need to verify the email address you used during registration. Go to your Sporcle Settings to finish the process.